000 00347nam a2200097Ia 4500
082 _aWALL
245 0 _aStolen innocence : my story of growing up in a polygamous sect, becoming a teenage bride, and breaking free of Warren Jeffs
100 _a WALL, Elissa New York, 2009
_976206
942 _cBK
008 210817s9999 xx 000 0 und d
999 _c252997
_d252997